• 首页
  • 本馆介绍
  • 公告通知
  • 最新文献
  • 馆藏检索
  • 电子资源
  • 读者导购
  • 参考咨询
  • 我的图书馆
  • 登录
  • 详细信息显示
  • 放入我的书架
  • 预约/预借图书
  • 作者相关作品
  • 分类相关作品
  • 丛书相关作品
  • 出版社相关作品

书目信息

  • 表格格式
  • 工作单格式
  • 卡片格式
题名:
五四精神新论
    
 
作者: 王东 著
分册:  
出版信息: 北京   中国青年出版社  2009
页数: 414页
开本: 24cm
丛书名:
单 册:
中图分类: K261.07
科图分类:
主题词: 五四运动--研究 , 五四运动
电子资源:
ISBN: 978-7-5006-8716-0
000 00990nam0 2200253 45
001 1050741281
005 20100419102816.76
010    @a978-7-5006-8716-0@dCNY49.00
100    @a20100408d2009 ekmy0chiy0120 ea
101 0  @achi
102    @aCN@b110000
105    @ay z 000yy
106    @ar
200 1  @a五四精神新论@AWu Si Jing Shen Xin Lun@e思想精髓、发展轨迹、现代价值@ESi Xiang Jing Sui、 Fa Zhan Gui Ji、 Xian Dai Jia Zhi@f王东著@FWang Dong Zhu
210    @a北京@c中国青年出版社@d2009
215    @a414页@d24cm
330    @a本书共分六篇,内容包括五四精神实质:激进主义,还是综合创新、五四时代马克思主义融入中华民族精神的最初探索、五四的发展轨迹、改革开放30年:中华民族的综合创新与现代复兴等。
517 1  @a思想精髓、发展轨迹、现代价值@ASi Xiang Jing Sui、 Fa Zhan Gui Ji、 Xian Dai Jia Zhi
606 0  @a五四运动@x研究
606 0  @a五四运动
690    @aK261.07@v4
701  0 @a王东@AWang Dong@4著
801  0 @aCN@bTANGWEI@c20100419
905    @b0590112-15@dK261.07@e108@f4
    
    五四精神新论:思想精髓、发展轨迹、现代价值/王东著.-北京:中国青年出版社,2009
    414页;24cm
    
    
    ISBN 978-7-5006-8716-0:CNY49.00
    本书共分六篇,内容包括五四精神实质:激进主义,还是综合创新、五四时代马克思主义融入中华民族精神的最初探索、五四的发展轨迹、改革开放30年:中华民族的综合创新与现代复兴等。
●
相关链接 在E读中查询图书 在五车中查询图书 在当当中查询图书 在豆瓣中查询图书


正题名:五四精神新论     索取号:K261.07/108         预约/预借

序号 登录号 条形码 馆藏地/架位号 状态 备注
1 0590112   205901121   第二样本阅览室/ [索取号:K261.07/108] 在馆    
2 0590113   205901130   第二借阅区/ [索取号:K261.07/108] 在馆    
3 0590114   205901149   第二借阅区/ [索取号:K261.07/108] 在馆    
4 0590115   205901158   第二借阅区/ [索取号:K261.07/108] 在馆    
唐山师范学院图书馆 欢迎您!
大连网信软件有限公司© 版权所有